000 00557nam a2200217 a 4500
001 0001-2068
003 ELIB.Books
008 190722 2010 eng
020 _a1556611072
092 _a277.3
_bAnd
100 _aAnderson, Leith.
245 _aDying for Change
260 _aMinnesota
_bBethany House Publishers
_c1998
300 _a208
_c20cm
650 _aReligion and Sociology
856 _nKBTS Library
_uKBTS Elib
942 _2ddc
_cBK
990 _a3
998 _aEnglishbooks.elf
_ccat
_e2019-07-22
999 _c12068
_d12068